[Event "Groningen op 59th"]
[Site "Groningen"]
[Date "2023.12.24"]
[Round "4"]
[White "Grooten, Herman"]
[Black "Ritzerveld, Noah"]
[Result "0-1"]
[WhiteElo "2243"]
[BlackElo "1997"]
[PlyCount "102"]
[EventDate "2023.12.21"]
[EventType "swiss"]
[EventRounds "9"]
[EventCountry "NED"]
[SourceTitle "CB04_2024"]
[SourceDate "2023.10.16"]
[SourceVersion "1"]
[SourceVersionDate "2023.10.16"]
[SourceQuality "1"]

1. d4 d5 2. c4 c6 3. Nf3 Nf6 4. g3 g6 5. Bg2 Bg7 6. 0-0 0-0 7. Nbd2 Ne4 8. e3 Bf5 9. Ne1 Nd7 10. cxd5 cxd5 11. g4 Nxd2 12. Bxd2 Be6 13. Nd3 Nf6 14. f3 b6 15. Qb3 Bc8 16. Rfc1 Ba6 17. Ne5 Rc8 18. g5 Ne8 19. Nc6 Qd7 20. Qxd5 Nd6 21. Ne5 Qb7 22. f4 Qxd5 23. Bxd5 Bxe5 24. fxe5 Nc4 25. Rc2 Nxe5 26. Rac1 Rxc2 27. Rxc2 Rd8 28. Bg2 Nc4 29. Bc1 Rd7 30. b3 Nd6 31. Kf2 Bd3 32. Rc6 Ne4+ 33. Bxe4 Bxe4 34. Rc8+ Kg7 35. Bb2 Rd5 36. h4 h6 37. Rc7 e6 38. gxh6+ Kxh6 39. Rxa7 Rf5+ 40. Kg3 Rf3+ 41. Kg2 Kh5 42. d5 exd5 43. Bd4 Kxh4 44. Kg1 Kh3 45. Ra8 Bd3 46. Rh8+ Kg3 47. Be5+ Kg4 48. Bd4 Rf1+ 49. Kg2 Rc1 50. Bxb6 Rc2+ 51. Kg1 Kg3 0-1

[Event "EU-ch U12 31st"]
[Site "Mamaia"]
[Date "2023.09.08"]
[Round "4"]
[White "Ritzerveld, Noah"]
[Black "Gabadadze, Gabriel"]
[Result "0-1"]
[WhiteElo "2074"]
[BlackElo "1732"]
[PlyCount "116"]
[EventDate "2023.09.05"]
[EventType "swiss"]
[EventRounds "9"]
[EventCountry "ROU"]
[SourceTitle "EXT 2024"]
[Source "ChessBase"]
[SourceDate "2023.10.10"]
[SourceVersion "1"]
[SourceVersionDate "2023.10.10"]
[SourceQuality "1"]

1. e4 c5 2. Nf3 Nc6 3. d4 cxd4 4. Nxd4 Nf6 5. Nc3 e5 6. Ndb5 d6 7. Bg5 a6 8. Na3 b5 9. Nd5 Be7 10. Bxf6 Bxf6 11. c3 Rb8 12. Nc2 Bg5 13. Be2 0-0 14. 0-0 g6 15. a4 bxa4 16. Ncb4 Bd7 17. Bxa6 Nxb4 18. Nxb4 Qb6 19. Bc4 Qc5 20. Bd5 Bb5 21. Re1 Kg7 22. Qg4 Bd8 23. Re3 f5 24. exf5 Rxf5 25. Be4 Rf4 26. Qe6 Bg5 27. Qd5 Rxf2 28. Qxc5 dxc5 29. Kxf2 Bxe3+ 30. Kxe3 cxb4 31. cxb4 Be8 32. Rc1 Rxb4 33. Rc2 Kf6 34. g3 Rb3+ 35. Kf2 Bd7 36. Rd2 Bf5 37. Bc6 Rb4 38. Ke3 h5 39. Rd6+ Ke7 40. Rd2 Ke6 41. Bd7+ Kf6 42. Bc6 h4 43. gxh4 Rxh4 44. Rf2 Rc4 45. Bb5 Rb4 46. Bxa4 Rxa4 47. Rd2 Rb4 48. Rd6+ Kg5 49. Rd2 Rb3+ 50. Kf2 Kf4 51. Kg2 Bh3+ 52. Kf2 e4 53. Rc2 e3+ 54. Ke2 Bg4+ 55. Ke1 Kf3 56. h4 Kg3 57. Rc3 Rxc3 58. bxc3 Kxh4 0-1

[Event "EU-ch U12 31st"]
[Site "Mamaia"]
[Date "2023.09.07"]
[Round "3"]
[White "Ivanov, Andrey A2222"]
[Black "Ritzerveld, Noah"]
[Result "1/2-1/2"]
[WhiteElo "1905"]
[BlackElo "2074"]
[PlyCount "91"]
[EventDate "2023.09.05"]
[EventType "swiss"]
[EventRounds "9"]
[EventCountry "ROU"]
[SourceTitle "EXT 2024"]
[Source "ChessBase"]
[SourceDate "2023.10.10"]
[SourceVersion "1"]
[SourceVersionDate "2023.10.10"]
[SourceQuality "1"]

1. d4 d5 2. c4 c6 3. Nc3 Nf6 4. cxd5 cxd5 5. Bf4 Nc6 6. e3 a6 7. Bd3 Bg4 8. Nge2 e6 9. 0-0 Bd6 10. f3 Bh5 11. Rc1 0-0 12. Na4 Bg6 13. Nc5 Bxc5 14. Rxc5 Rc8 15. Bxg6 hxg6 16. Qb3 Qe7 17. Bg5 Rfe8 18. Nf4 Qd7 19. Nd3 Nh7 20. Bf4 g5 21. Bg3 Nf8 22. Rfc1 f6 23. Bf2 Qe7 24. e4 Nd7 25. R5c3 Na5 26. Qc2 Rxc3 27. Qxc3 Nc4 28. b3 Ncb6 29. Nc5 Rc8 30. Qd2 dxe4 31. fxe4 Nxc5 32. Rxc5 Rxc5 33. dxc5 Nd7 34. Qd4 Ne5 35. Bg3 Nc6 36. Qc4 Kf7 37. b4 Qd7 38. Bd6 Na7 39. Qd3 Qb5 40. Qh3 Qe2 41. Qf3 Qe1+ 42. Qf1 Qxe4 43. Qd1 Kg8 44. h3 g6 45. Be7 Qe3+ 46. Kh1 1/2-1/2

[Event "World ol U16"]
[Site "Eindhoven"]
[Date "2023.08.15"]
[Round "4.20"]
[White "Pusara, Mihailo"]
[Black "Ritzerveld, Noah"]
[Result "0-1"]
[WhiteElo "1938"]
[BlackElo "2062"]
[PlyCount "58"]
[EventDate "2023.08.13"]
[EventType "team-swiss"]
[EventRounds "9"]
[EventCountry "NED"]
[SourceTitle "CBM 215 Extra"]
[Source "ChessBase"]
[SourceDate "2023.09.30"]
[SourceVersion "1"]
[SourceVersionDate "2023.09.30"]
[SourceQuality "1"]
[WhiteTeam "Montenegro"]
[BlackTeam "Netherlands III"]
[WhiteTeamCountry "MNE"]
[BlackTeamCountry "NED"]

1. e4 e5 2. Nf3 Nc6 3. Bb5 a6 4. Ba4 Nf6 5. d3 b5 6. Bb3 Bc5 7. 0-0 d6 8. a4 Be6 9. Bxe6 fxe6 10. axb5 axb5 11. Rxa8 Qxa8 12. Be3 Bxe3 13. fxe3 Qa7 14. Qd2 0-0 15. Nc3 b4 16. Ne2 Ng4 17. d4 exd4 18. exd4 e5 19. c3 bxc3 20. bxc3 exd4 21. cxd4 Nce5 22. Qc3 Qa2 23. dxe5 Qxe2 24. exd6 cxd6 25. Qd4 Ne3 26. Rf2 Rxf3 27. Qd5+ Nxd5 28. Rxe2 Nf4 29. Rd2 Rd3 0-1

[Event "Dieren op"]
[Site "Dieren"]
[Date "2023.08.02"]
[Round "8"]
[White "Ritzerveld, Noah"]
[Black "Binnendijk, Ferdinand"]
[Result "1-0"]
[WhiteElo "2007"]
[BlackElo "2112"]
[PlyCount "63"]
[EventDate "2023.07.25"]
[EventType "swiss"]
[EventRounds "9"]
[EventCountry "NED"]
[SourceTitle "CBM 215 Extra"]
[Source "ChessBase"]
[SourceDate "2023.09.30"]
[SourceVersion "1"]
[SourceVersionDate "2023.09.30"]
[SourceQuality "1"]

1. e4 e5 2. Nf3 Nc6 3. Bc4 Nf6 4. d3 Be7 5. 0-0 0-0 6. Re1 d6 7. a4 Na5 8. Ba2 c5 9. Nbd2 Be6 10. Nf1 Bxa2 11. Rxa2 Re8 12. Bg5 Nh5 13. Bxe7 Qxe7 14. Ne3 Nf6 15. Qd2 Nc6 16. Nf5 Qf8 17. Raa1 Rad8 18. Qg5 Nd4 19. N3xd4 cxd4 20. h4 Kh8 21. h5 Re6 22. c3 h6 23. Qh4 dxc3 24. bxc3 d5 25. exd5 Rxd5 26. Re3 Qd8 27. Rg3 Ne8 28. Qb4 Qf6 29. Qxb7 Qxf5 30. Qxd5 Rf6 31. Rf3 Qxh5 32. Qd7 1-0